000 00369nam a2200145Ia 4500
008 230718s9999 xx 000 0 und d
041 _aeng
082 _a303.3
_bSTA
100 _aStaples W.
_9110235
245 _aIn Search Of Your True Self 21
260 _c1999
_bMagna
365 _cRs.
_b175.00
700 _aStaples W.
_9110235
906 _dB:454725-May-2002
_cOTH
999 _c303681
_d303681